000 00629 a2200181 4500
999 _c4458
_d4458
010 _aENG-86350
020 _a8131300595
_c495.00
035 _aEN-69883
037 _bDBAD / PUB
082 1 4 _a581.1
100 1 _akannan, Seshadri
245 1 _aAdvances in plant physiology :
_cby Seshadri Kannan
_bfrom the green to the grain /
260 _aNew Delhi
_bA P H Publishing
_c2007
270 _a5, Ansari Road, Darya Ganj
_bNew Delhi
_e110 002
_k011-23274050
_maphbooks@vsnl.net
300 _axv, 189 p.
_c22cm. (Hb.)
500 _aIncludes bibliographical references and index
942 _adpl
_cEN
_2ddc
_h581.1
_mKAN